Manual Abella del Timbre del Estado / (Record no. 97101)

MARC details
000 -LEADER
campo de control de longitud fija 00783nam a2200205 i 4500
001 - NÚMERO DE CONTROL
campo de control 97101
003 - IDENTIFICADOR DE NÚMERO DE CONTROL
campo de control ES-MaACL
005 - FECHA Y HORA DE LA ÚLTIMA TRANSACCIÓN
campo de control 20230906182034.0
007 - CAMPO FIJO DE DESCRIPCIÓN FÍSICA--INFORMACIÓN GENERAL
campo de control de longitud fija t|
008 - DATOS DE LONGITUD FIJA--INFORMACIÓN GENERAL
campo de control de longitud fija 050706s1956 sp ||||1| spa d
245 00 - MENCIÓN DEL TÍTULO
Título Manual Abella del Timbre del Estado /
Mención de responsabilidad, etc. comentado, concordado y extensamente anotado por la Redacción de El Consultor de los Ayuntamientos.
250 ## - MENCION DE EDICION
Mención de edición 18ª ed.
260 ## - PUBLICACIÓN, DISTRIBUCIÓN, ETC.
Lugar de publicación, distribución, etc. Madrid :
Nombre del editor, distribuidor, etc. Imp. Flo-Rez,
Fecha de publicación, distribución, etc. 1956.
300 ## - DESCRIPCIÓN FÍSICA
Extensión 672 p. ;
Dimensiones 19 cm.
505 8# - NOTA DE CONTENIDO CON FORMATO
Nota de contenido con formato Contiene: una breve explicación histórica, el texto íntegro de la ley de 14 de abril de 1955, el Reglamento de 22 de junio de 1956
650 ## - PUNTO DE ACCESO ADICIONAL DE MATERIA--TÉRMINO DE MATERIA
Término de materia o nombre geográfico como elemento de entrada Timbre (Impuesto)-
Subdivisión geográfica España.
9 (RLIN) 161971
700 1# - ENTRADA AGREGADA--NOMBRE PERSONAL
Nombre de persona Abella y Fuertes, Joaquín,
9 (RLIN) 18056
852 ## - LOCALIZACIÓN
Ubicación ES-MaACL
Número de control de estantería C-11597
Sublocalización o colección R.39814
Holdings
Estatus retirado Estado de pérdida Estado de daño No para préstamo Biblioteca de origen Biblioteca actual Ubicación en estantería Fecha de adquisición Fuente de adquisición Total de préstamos Signatura topográfica completa Código de barras Visto por última vez Precio de reemplazo Tipo de ítem Koha
        Biblioteca del Ateneo de Madrid Biblioteca del Ateneo de Madrid Sala Palomar 17/01/2008     C-11597 1101374 23/02/2023 23/02/2023 Libro impreso